000 00261nam a22001097a 4500
082 _a510
_bSHA/M
100 _aR.D.SHARMA
245 _aMATHEMATICS PART-B
_bCLASS XII
260 _aDELHI
_bDHANPAT RAI PUBLICATIONS
650 _aMATHS FOR CLASS XII
_zINDIA
942 _cBK
999 _c656
_d656